| 000 | 00640nab a2200181 4500 | ||
|---|---|---|---|
| 001 | 244442 | ||
| 003 | OSt | ||
| 005 | 20240625105431.0 | ||
| 007 | tu | ||
| 008 | 200917s2020||||||| | ||
| 040 |
_aDE-2950 _cDE-2950 |
||
| 245 | 0 | 0 |
_aTote Fisch in der Oder - höchste Warnstufe ausgerufen _bGewässer. In Frankfurt werden wieder Fischkadaver angespült. Laut LfU deutet vieles auf eine erneute Goldalgenblüte hin/ _cThomas Gutke, Philipp Stepputtis |
| 264 | _c2024 | ||
| 653 | _aFrankfurt (Oder) | ||
| 653 | _aFischsterben | ||
| 773 | 0 |
_g35. Jahrgang (2024) Nr. 135 vom 12.06.2024, S. 13, mit Foto _tMärkische Oderzeitung |
|
| 942 |
_2z _cA |
||
| 999 |
_c373208 _d373208 |
||